Statistics for Louisiana State Quiz

Click here to take the quiz!

General Stats

  • This quiz has been taken 90 times
  • The average score is 8 of 16

Answer Stats

HintAnswer% Correct
CapitalBaton Rouge
100%
Largest cityNew Orleans
95%
Above is on what riverMississippi River
85%
Third largest cityShreveport
82%
Fourth largest cityLafayette
65%
Above is on what river?Red River
53%
Fifth largest cityLake Charles
53%
River between Louisiana and TexasSabine River
40%
Largest lakeLake Pontchartrain
40%
River between Mississippi and Louisiana that is not #2Pearl River
35%
Above is west of what riverAtchafalaya River
31%
Largest Reservoir on the aboveToledo Bend Reservoir
24%
Monroe is on what river?Ouachita River
22%
New Iberia is north of what bay?Vermillion Bay
15%
Highest pointDriskell Peak
7%
Above is on what lake?Grand Lake
5%

Score Distribution

Percentile by Number Answered

Percent of People with Each Score

Your Score History

You have not taken this quiz